000 00461nam a2200145 4500
001 123013
003 ES-MaACL
007 t|
008 070214s1977 sp r ||||0| spa d
100 1 _aPuy Huarte, Jesús.
_994443
245 1 0 _aProcedimientos de sondeos
_b: teoría, práctica y aplicaciones /
_cJesús Puy Huarte.
260 _aMadrid :
_bServicio de Publicaciones de la J.E.N,
_c1977.
300 _a553 p ;
_c22 cm.
852 _aES-MaACL
_jG-4336
_bR.100065
999 _c123013
_d123013